| 000 | 00794nam a22001577a 4500 | ||
|---|---|---|---|
| 003 | OSt | ||
| 005 | 20151112141138.0 | ||
| 008 | 151112b xxu||||| |||| 00| 0 eng d | ||
| 040 | _cRUA | ||
| 082 | _aFOR PIN 2007 B134 Or.1 | ||
| 100 |
_93604 _aPIN, CHANTTANAK. |
||
| 245 | _aFlora inventory in school forest of royal university of agriculture in sandann district kampong thom province, ការធ្វើសារពើភណ្ឌរុក្ខជាតិព្រៃឈើនៅក្នុងសាលាព្រៃឈើរបស់សាកលវិទ្យាល័យភូមិន្ទកសិកម្ម នៅស្រុកសណ្ដាន់ ខេត្តកំពង់ធំ | ||
| 260 |
_aPhnom Penh _bRUA _c2007 |
||
| 300 |
_ax; 58p. _bill. _c29cm. |
||
| 942 |
_2ddc _cFIS |
||
| 999 |
_c3355 _d3355 |
||